Score 0/21 Timer 04:00
0 Plays Today
Couple Missing Name % Correct
(H) Marge and ______Homer
94.7%
(R) ______ and DanRoseanne
86%
(S) ______ and DianeSam
77.3%
(C) ______ and Mr BigCarrie
76%
(P) ______ and LoisPeter
74.5%
(G) ______ and LouiseGeorge
69.8%
(J) ______ and PamJim
68.5%
(Z) ______ and KellyZack
65.2%
(K) ______ and WinnieKevin
62.4%
(M) ______ and DerekMeredith
51.1%
(F) ______ and NoelFelicity
48.5%
Couple Missing Name % Correct
(A) April and ______ Andy
45.5%
(L) ______ and LorelaiLuke
45.3%
(D) ______ and CarolDoug
44.3%
(N) ______ and JessNick
43.5%
(W) ______ and TaraWillow
37.6%
(O)______ and FitzOlivia
34.8%
(B) Chuck and ______Blair
28.4%
(E) ______ and AriaEzra
15.9%
(T) Coach and ______Tami
10.6%
(V) Sydney and ______Vaughn
8.7%

Today's Daily Dose

Get the Picture
Which JB?

Remove Ads.
Support Sporcle.
Get the best of Sporcle when you Go Orange. This ad-free experience offers more features, more stats, and more fun while also helping to support Sporcle. Thank you for becoming a member.

You're not logged in!

Compare scores with friends on all Sporcle quizzes.
OR
Log In

Show Comments

Extras

Top Quizzes Today


Score Distribution

Your Account Isn't Verified!

In order to create a playlist on Sporcle, you need to verify the email address you used during registration. Go to your Sporcle Settings to finish the process.

Report this User

Report this user for behavior that violates our Community Guidelines.

Details: